Score 0/20 Timer 04:00
0 Plays Today
Book Title Missing Word % Correct
Charlie and the _____ FactoryChocolate
98.4%
Brave _____ WorldNew
96%
Murder on the _____ ExpressOrient
94.4%
The _____ Guide to the GalaxyHitchhiker's
93.9%
The _____ in the WillowsWind
89.2%
From _____ , with LoveRussia
88.8%
Of _____ BondageHuman
68.3%
The _____ of the MatterHeart
67.7%
_____ EndHowards
62.3%
The _____ in the CrownJewel
60.7%
Book Title Missing Word % Correct
The Day of the _____ Jackal
60.3%
The _____ of the DayRemains
60%
Midnight's _____ Children
57.3%
_____ in LoveWomen
56.9%
The Third _____ Man
55.6%
_____ Sargasso SeaWide
53.9%
To the _____ Lighthouse
49.3%
Cold _____ FarmComfort
48.9%
A _____ to the Music of TimeDance
47.9%
_____ JimLucky
35.5%

Today's Daily Dose

Remove Ads.
Support Sporcle.
Get the best of Sporcle when you Go Orange. This ad-free experience offers more features, more stats, and more fun while also helping to support Sporcle. Thank you for becoming a member.

You're not logged in!

Compare scores with friends on all Sporcle quizzes.
OR
Log In

Show Comments

Extras

Top Quizzes Today


Score Distribution

Your Account Isn't Verified!

In order to create a playlist on Sporcle, you need to verify the email address you used during registration. Go to your Sporcle Settings to finish the process.

Report this User

Report this user for behavior that violates our Community Guidelines.

Details: